000 00312nam a2200145Ia 4500
008 200305s9999 xx 000 0 und d
082 _a294.5436
082 _bBHS
100 _aBHARTI ANAND
245 _aSHIV SANHITA
260 _aVARANASHI
_bCHAUKHAMBHA
300 _a280
650 _aYOGA
999 _c39701
_d39701
041 _ahin